LEADER 00869nam a2200205 i 4500 001 000000024794 003 CaOOAMICUS 005 20180830125446.0 008 180830s1902 it u000 u ita u 040 $aSeMil$bita 100 1 $aArrigoni degli Oddi, E.$0(OLS)http://semarc/name/10969 245 10$aAtlante ornitologico :$buccelli europei : con notizie d'indole generale e particolare /$cE. Arrigoni degli Oddi. 260 $aMilano :$bUlrico Hoepli,$c1902. 300 $a2 v. ;$c30 cm. 650 4$aUccelli.$0(OLS)http://semarc/subject/3913 650 4$aOrnitologia.$0(OLS)http://semarc/subject/3914 774 0 $tTesto.$w()201042 774 0 $tTavole.$w()201045 996 $6245$aAtlante ornitologico :$buccelli europei : con notizie d'indole generale e particolare$9(OLS)http://semarc/title/33392 996 $6260$aMilano :$bUlrico Hoepli$9(OLS)http://semarc/publisher/29765 LEADER 01308nam a2200301 i 4500 001 000000090151 003 CaOOAMICUS 005 20210610115417.0 008 180830s1990 xx u000 u und u 013 $a62393 020 $a88-06-11473-5 040 $aSeMil$bita 100 1 $aDerrida, Jacques,$d<1930-2004>.$0(OLS)http://semarc/name/3649 245 13$aLa scrittura e la differenza /$cJacques Derrida ; traduzione di Gianni Pozzi ; introduzione di Gianni Vattimo. 260 $aTorino :$bEinaudi,$c1990. 300 $a XXIV, 390 p. ;$c21 cm 490 0 $aEinaudi Paperbacks ;$v205 650 4$aScrittura.$0(OLS)http://semarc/subject/13346 650 4$aDifferenza - Filosofia.$0(OLS)http://semarc/subject/3250 700 1 $aPozzi, Gianni,$d<1923- >.$0(OLS)http://semarc/name/114089 700 1 $aVattimo, Gianni,$d<1936- >.$0(OLS)http://semarc/name/3579 830 0$aEinaudi Paperbacks ;$v205.$0(OLS)http://semarc/title/6898 850 $aSeMil 852 $aSeMil$W1$xVenegono$y1$m2P VII 335$j212520$B53131$CSeMilBibl$Z2$F57752 $81 996 $6020$a88-06-11473-5$9(OLS)http://semarc/number/70095 996 $6245$aLa scrittura e la differenza$9(OLS)http://semarc/title/115160 996 $6260$aTorino :$bEinaudi$9(OLS)http://semarc/publisher/29884